The great Gatsby /

Spremljeno u:
Bibliografski detalji
Glavni autor: Fitzgerald, F. Scott, 1896-1940.
Format: Knjiga
Jezik:English
Izdano: London : Penguin Books, 1990.
Teme:
Oznake: Dodaj oznaku
Bez oznaka, Budi prvi tko označuje ovaj zapis!
Thư viện lưu trữ: Mạng thư viện Đại học Đà Nẵng
LEADER 00862cam a2200337 i 4500
001 000045812
003 5011
005 20030318153126.0
008 010220|1990 vm 000 eng
020 |a 0140180672 
040 |a IRC  |c IRC  |d IRC 
041 0 |a eng 
082 1 4 |a 813.5  |b FI-F 
100 1 |a Fitzgerald, F. Scott,  |d 1896-1940. 
245 0 4 |a The great Gatsby /  |c F. Scott Fitzgerald, 1896-1940. 
260 |a London :  |b Penguin Books,  |c 1990. 
300 |a lvil, 177p. 
630 0 4 |a Fiction. 
650 0 4 |a Rich people  |x Fiction. 
650 0 4 |a Long Island (NY)  |b Fiction. 
651 4 |a Long Island (NY)  |x Fiction. 
OWN |a DUT 
999 |a From the UDN01 
TYP |a Monograph 
TYP |a Printed language 
980 |a Mạng thư viện Đại học Đà Nẵng